Report on the revised suballocation of budget allocations for fiscal year 1999 /

Bibliographic Details
Corporate Author: United States. Congress. House. Committee on Appropriations
Format: Government Document eBook
Language:English
Published: Washington : U.S. G.P.O., 1999.
Series:Report / 106th Congress, 1st session, House of Representatives ; 106-128
Subjects:
Online Access:Text version:
PDF version:

MARC

Tag First Indicator Second Indicator Subfields
LEADER 00000cam a2200000 a 4500
001 in00002782528
005 20151202172043.0
006 m d f
007 cr bn|||||||||
008 111126s1999 dcu o f000 0 eng c
035 |a (OCoLC)ocn763036676 
040 |a OCLCE  |b eng  |c OCLCE  |d GPO  |d MvI  |d UtOrBLW 
042 |a pcc 
043 |a n-us--- 
049 |a WWW 
074 |a 1008-I (online) 
086 0 |a Y 1.1/8:106-128 
088 |a SBDV 99-7 
245 0 0 |a Report on the revised suballocation of budget allocations for fiscal year 1999 /  |c submitted by Mr. Young of Florida, Chairman, Committee on Appropriations. 
264 1 |a Washington :  |b U.S. G.P.O.,  |c 1999. 
300 |a 1 online resource (iii, 3 pages). 
336 |a text  |b txt  |2 rdacontent 
337 |a computer  |b c  |2 rdamedia 
338 |a online resource  |b cr  |2 rdacarrier 
490 1 |a Report / 106th Congress, 1st session, House of Representatives ;  |v 106-128 
500 |a Title from title screen (viewed on Oct. 31, 2012). 
500 |a "May 6, 1999." 
500 |a "SBDV 99-7." 
500 |a Electronic resource. 
650 0 |a Budget  |z United States. 
651 0 |a United States  |x Appropriations and expenditures, 1999. 
710 1 |a United States.  |b Congress.  |b House.  |b Committee on Appropriations. 
776 0 8 |i Print version:  |t Report on the revised suballocation of budget allocations for fiscal year 1999  |w (OCoLC)41476428 
810 1 |a United States.  |b Congress.  |b House.  |t Report ;  |v 106-128. 
856 4 0 |3 Text version:  |u http://purl.fdlp.gov/GPO/gpo30643  |t 0 
856 4 0 |3 PDF version:  |u http://purl.fdlp.gov/GPO/gpo30644  |t 0 
999 |a MARS 
999 f f |s 9b79a20e-3d87-38f6-9569-23972e0e10f5  |i 32c09b2a-5e33-3c2f-be3c-75bf1b6d3011  |t 0 
952 f f |a Texas A&M University  |b College Station  |c Electronic Resources  |d Available Online  |t 0  |e Y 1.1/8:106-128  |h Superintendent of Documents classification 
998 f f |a Y 1.1/8:106-128  |t 0  |l Available Online